[Event "AUTO-BEG-425"]
[Site "http://www.queenalice.com/game.php?id=865213"]
[Date "2010.11.29"]
[Round "2"]
[White "daddonet"]
[Black "helenaeyng"]
[Result "1/2-1/2"]
[WhiteElo "1715"]
[BlackElo "1613"]

1. e4 d5 2. exd5 Qxd5 3. Nc3 Qa5 4. d4 c6 5. Bd2 Bf5 6. g4 Bg6 7. f4 e6 8. Nf3
Nf6 9. Ne5 Bb4 10. Nxg6 hxg6 11. Bg2 Nbd7 12. a3 Bxc3 13. Bxc3 Qc7 14. Bd2 Nd5
15. Qf3 O-O-O 16. O-O-O N7b6 17. Ba5 Qxf4+ 18. Qxf4 Nxf4 19. Bf3 Nh3 20. Rhf1
Ng5 21. c4 Rd7 22. Bxb6 axb6 23. Rd2 Nxf3 24. Rxf3 g5 25. Kc2 Kc7 26. Kc3 b5 27.
Rdf2 f6 28. Re3 Re7 29. Rfe2 bxc4 30. Kxc4 Kd6 31. a4 Ra8 32. b3 Ra5 33. Ra2 b5+
34. Kb4 Ra6 35. a5 e5 36. dxe5+ Rxe5 37. Rd3+ Rd5 38. Rxd5+ Kxd5 39. Rd2+ Ke6
40. Re2+ Kd6 41. Rd2+ Ke6 42. Kc5 Rxa5 43. Kxc6 b4 44. Rd4 g6 45. Rxb4 Ra2 46.
Re4+ Kf7 47. h3 Ra3 48. Re3 f5 49. gxf5 gxf5 50. Kd5 Kg6 51. Ke5 f4 52. Rc3 Ra5+
53. Ke4 Ra3 54. Rc6+ Kf7 55. Rb6 Kg7 56. Kf5 Ra5+ 57. Kg4 Re5 58. h4 gxh4 59.
Kxh4 Rf5 60. Ra6 Rb5 61. Ra3 Rb4 62. Kg4 Kf6 63. Kf3 Kg5 64. Ra5+ Kh4 65. Ra4
Rxb3+ 1/2-1/2

[Event "AUTO-BEG-425"]
[Site "http://www.queenalice.com/game.php?id=865214"]
[Date "2010.11.29"]
[Round "2"]
[White "helenaeyng"]
[Black "daddonet"]
[Result "1-0"]
[WhiteElo "1500"]
[BlackElo "1772"]

1. e4 c5 2. Bc4 e6 3. Nf3 g6 4. d4 Bg7 5. d5 exd5 6. Bxd5 Nf6 7. Bg5 Qb6 8. b3
Nxd5 9. Qxd5 Bxa1 10. Ne5 O-O 11. Bh6 Bxe5 12. Qxe5 f6 13. Qe7 Qb4+ 14. c3 Qxe4+
15. Qxe4 Nc6 16. Bxf8 Kxf8 17. O-O d6 18. Re1 Bf5 19. Qd5 Rd8 20. Nd2 a5 21. Nc4
1-0

[Event "Let's Play Chess!"]
[Site "http://www.queenalice.com/game.php?id=872193"]
[Date "2010.12.15"]
[Round "-"]
[White "Scaracioli"]
[Black "helenaeyng"]
[Result "1-0"]
[WhiteElo "1666"]
[BlackElo "1527"]

1. e4 d5 2. e5 c5 3. d4 c4 4. c3 Bf5 5. f4 e6 6. Nd2 f6 7. h3 Nc6 8. g4 Be4 9.
Nxe4 dxe4 10. Ne2 f5 11. g5 g6 12. a3 h6 13. Ng1 1-0

[Event "Let's Play Chess!"]
[Site "http://www.queenalice.com/game.php?id=872338"]
[Date "2010.12.15"]
[Round "-"]
[White "artkrup"]
[Black "helenaeyng"]
[Result "0-1"]
[WhiteElo "1514"]
[BlackElo "1664"]

1. e4 d5 2. exd5 Qxd5 3. Nc3 Qa5 4. Nf3 Bg4 5. h3 Bh5 6. g4 Bg6 7. Bg2 c6 8. d3
Nf6 9. a3 e6 10. b4 Qc7 11. O-O Nbd7 12. a4 Bd6 13. b5 Nd5 14. Nxd5 cxd5 15. d4
Bxc2 16. Qd2 Be4 17. Nh4 Be7 18. f3 Bg6 19. Nxg6 hxg6 20. Ba3 Bh4 21. Rae1 Bxe1
22. Rxe1 Qg3 23. Qe2 Rxh3 24. Kf1 Rh2 25. Bc1 O-O-O 26. a5 Rdh8 27. Qf2 Qxf2+
28. Kxf2 f5 29. Rxe6 fxg4 30. fxg4 Rf8+ 31. Kg1 Rh4 32. Rxg6 Rf7 33. a6 Nf6 34.
axb7+ Rxb7 35. Bg5 Rxg4 36. Kh2 Rxd4 37. Bxf6 gxf6 38. Bf1 Rh7+ 39. Kg3 f5 40.
Rf6 Rg7+ 41. Kh3 Rf4 42. Bg2 Rh7+ 43. Kg3 Rg4+ 44. Kf2 Rf4+ 45. Kg3 Rhh4 46.
Bxd5 Rfg4+ 47. Kf2 Rh2+ 48. Kf3 Rh3+ 49. Kf2 Rb4 50. Rxf5 Rb2+ 51. Kg1 Rg3+ 52.
Kh1 Ra3 53. Bc4 Ra1+ 54. Rf1 Rxf1+ 55. Bxf1 Kc7 56. Kg1 Kb6 57. Kh1 Rxb5 58. Kg2
Rb2+ 59. Kg1 a6 0-1

[Event "Garotas - Xadrez"]
[Site "http://www.queenalice.com/game.php?id=872566"]
[Date "2010.12.16"]
[Round "1"]
[White "helenaeyng"]
[Black "garota_rap"]
[Result "1-0"]
[WhiteElo "1550"]
[BlackElo "1675"]

1. e4 e5 2. Nf3 Nc6 3. Bc4 Bc5 4. d3 Qf6 5. Bg5 Qg6 6. Nc3 Nge7 7. Bxe7 Bxe7 8.
Nd5 Kd8 9. Bb5 Qxg2 10. Rf1 a6 11. Bxc6 dxc6 12. Nxe7 Kxe7 13. Rg1 Qh3 14. Rg3
Qh6 15. Nxe5 Re8 16. Qf3 Be6 17. Ng4 Bxg4 18. Qxg4 Qxh2 19. O-O-O Qxf2 20. Qxg7
Rg8 21. Qe5+ Kf8 22. Rxg8+ Kxg8 23. Qg5+ Kf8 24. Qh6+ Kg8 25. Qg5+ Kh8 26. Rg1
Qxg1+ 27. Qxg1 h5 28. Qh2 b5 29. Qxc7 h4 30. Qxf7 a5 31. Qh5+ Kg8 32. Qxh4 a4
33. Qg5+ Kf8 34. Qc5+ Ke8 35. Qxc6+ 1-0

[Event "Challenge"]
[Site "http://www.queenalice.com/game.php?id=872963"]
[Date "2010.12.17"]
[Round "-"]
[White "helenaeyng"]
[Black "kozak"]
[Result "0-1"]
[WhiteElo "1554"]
[BlackElo "2231"]

1. e4 d5 2. exd5 Nf6 3. Nc3 c6 4. dxc6 Nxc6 5. Bb5 Bd7 6. d3 e5 7. Bg5 Qc7 8.
Bxf6 gxf6 9. Nf3 Rg8 10. Rg1 O-O-O 11. Qe2 Nd4 12. Bxd7+ Rxd7 13. Nxd4 exd4 14.
Ne4 f5 15. O-O-O fxe4 16. Qxe4 Rg6 17. h3 Rc6 18. Rd2 Bh6 0-1

[Event "Challenge"]
[Site "http://www.queenalice.com/game.php?id=885242"]
[Date "2011.1.12"]
[Round "-"]
[White "helenaeyng"]
[Black "JabbaTheHutGoesMassive"]
[Result "0-1"]
[WhiteElo "1680"]
[BlackElo "1687"]

1. e4 c5 2. c4 a6 3. d3 b5 4. Qb3 Qb6 5. Nc3 e6 6. a4 b4 7. a5 Qc7 8. Nf3 bxc3
9. Qxc3 Nc6 10. Be2 Rb8 11. g3 Nge7 12. Bf4 d6 13. O-O Ng6 14. Be3 f6 15. Nd2 f5
16. exf5 exf5 17. Bf3 Nce5 18. Bh5 Be7 19. Bf4 Bb7 20. Bxe5 dxe5 21. Rfe1 Qc6
22. f3 Bf6 23. Qc2 O-O 24. Bxg6 hxg6 25. Rf1 g5 26. Rae1 e4 27. dxe4 Bd4+ 28.
Kg2 Rbe8 29. b3 Rf7 30. h3 g6 31. g4 fxg4 32. hxg4 Rh7 33. Rh1 Ree7 0-1

[Event "Challenge"]
[Site "http://www.queenalice.com/game.php?id=885247"]
[Date "2011.1.12"]
[Round "-"]
[White "helenaeyng"]
[Black "linoprof"]
[Result "0-1"]
[WhiteElo "1619"]
[BlackElo "1826"]

1. e4 e5 2. Nf3 Nc6 3. Bc4 Be7 4. Nc3 Nf6 5. d3 d6 6. h3 Na5 7. Bb3 Nxb3 8. axb3
O-O 9. Bg5 Be6 10. O-O h6 11. Bh4 c5 12. Nb5 a6 13. Nc3 b5 14. Ne2 Re8 15. c3
Qc7 16. b4 cxb4 17. cxb4 d5 18. Rc1 Qd6 19. Bg3 dxe4 20. dxe4 Qxb4 21. Bxe5 Rad8
22. Qc2 Qxe4 23. Qxe4 Nxe4 24. Nf4 Bb3 25. Rfe1 Nd2 26. Nxd2 Rxd2 27. Bc3 Rdd8
28. Nh5 Bf8 29. Kh2 Rxe1 30. Rxe1 b4 31. Be5 Rd2 32. f3 f6 33. Bf4 Rxb2 34. Re8
Kf7 35. Rc8 a5 36. Rc7+ Kg6 37. Ng3 Bd5 38. Rc5 Bxc5 0-1

[Event "AUTO-OPEN-2227"]
[Site "http://www.queenalice.com/game.php?id=885271"]
[Date "2011.1.12"]
[Round "1"]
[White "clovis"]
[Black "helenaeyng"]
[Result "1-0"]
[WhiteElo "2011"]
[BlackElo "1552"]

1. e4 d5 2. exd5 Qxd5 3. Nc3 Qa5 4. d4 c6 5. Bc4 e6 6. Nf3 Nf6 7. O-O Nbd7 8.
Re1 Nb6 9. Bb3 Nbd5 10. Bd2 Bb4 11. Nxd5 Nxd5 12. Bxd5 Bxd2 13. Bxc6+ bxc6 14.
Qxd2 Qd5 15. Re5 Qd7 16. c3 O-O 17. Re4 Bb7 18. Ne5 Qd5 19. Rg4 f6 20. Qh6 g6
21. Nxg6 Kf7 22. Qxh7+ Ke8 23. Qe7# 1-0

[Event "AUTO-OPEN-2227"]
[Site "http://www.queenalice.com/game.php?id=885272"]
[Date "2011.1.12"]
[Round "1"]
[White "helenaeyng"]
[Black "clovis"]
[Result "1-0"]
[WhiteElo "1583"]
[BlackElo "2006"]

1. e4 e5 2. Nf3 Nc6 3. Bc4 Nf6 4. Nc3 Bc5 5. d3 O-O 6. Bg5 d6 7. h3 Be6 8. Bd5
h6 9. Bh4 g5 10. Bg3 Bxd5 11. Nxd5 Nxd5 12. exd5 Ne7 13. c4 Nf5 14. Qd2 Nd4 15.
Nxd4 Bxd4 16. O-O f5 17. Kh1 f4 18. Bh2 f3 19. g3 Qd7 20. g4 h5 21. Rg1 hxg4 22.
Qxg5+ Kf7 23. Qh5+ Ke7 24. Rxg4 e4 25. Qh7+ Rf7 26. Qxe4+ Be5 27. Bxe5 dxe5 28.
Qxe5+ Kf8 29. Qh8+ Ke7 30. Re1+ Kd6 31. Qxa8 Rh7 32. Qf8+ 1-0

[Event "AUTO-OPEN-2227"]
[Site "http://www.queenalice.com/game.php?id=885295"]
[Date "2011.1.12"]
[Round "1"]
[White "Jomaley"]
[Black "helenaeyng"]
[Result "0-1"]
[WhiteElo "1224"]
[BlackElo "1615"]

1. e4 d5 2. Bd3 e5 3. exd5 Qxd5 4. f3 Nf6 5. Qe2 Nc6 6. c4 Qd4 7. Nc3 Qd8 8. a3
Bc5 9. b4 Bd4 10. Bb2 O-O 11. h4 Re8 12. b5 Na5 13. h5 h6 14. Rh4 c5 0-1

[Event "AUTO-OPEN-2227"]
[Site "http://www.queenalice.com/game.php?id=885296"]
[Date "2011.1.12"]
[Round "1"]
[White "helenaeyng"]
[Black "Jomaley"]
[Result "1-0"]
[WhiteElo "1613"]
[BlackElo "1226"]

1. e4 e5 2. Nf3 Qe7 3. Nc3 c6 4. d4 f6 5. d5 Qc5 6. Be3 Qa5 7. Bd2 Bb4 8. Ne2
Bxd2+ 9. Qxd2 Qxd2+ 10. Nxd2 cxd5 11. exd5 d6 12. c4 b6 13. g3 Na6 14. Nc3 Bf5
15. Bg2 1-0

[Event "AUTO-OPEN-2227"]
[Site "http://www.queenalice.com/game.php?id=885309"]
[Date "2011.1.12"]
[Round "1"]
[White "brunalegal"]
[Black "helenaeyng"]
[Result "1/2-1/2"]
[WhiteElo "1786"]
[BlackElo "1674"]

1. d4 d5 2. c4 Nf6 3. Nc3 e6 4. Bg5 h6 5. Bh4 g5 6. Bg3 Bb4 7. Be5 Nc6 8. Bxf6
Qxf6 9. e3 e5 10. dxe5 Qxe5 11. Nf3 Bxc3+ 12. bxc3 Qxc3+ 13. Nd2 dxc4 14. Bxc4
Be6 15. Bxe6 fxe6 16. O-O O-O-O 17. Ne4 Rxd1 18. Nxc3 Rxa1 19. Rxa1 Rd8 20. Rd1
Rxd1+ 21. Nxd1 Nb4 22. a3 Nc2 23. a4 a6 24. Nc3 Na3 25. Kf1 b5 26. axb5 Nxb5 27.
Na2 a5 28. Ke1 Kb7 29. Kd2 Kb6 30. Kd3 Kc5 31. h3 a4 32. f4 gxf4 33. exf4 Kd5
34. g4 c5 35. g5 hxg5 36. fxg5 Nc7 37. Nc3+ Ke5 38. Nxa4 Na6 39. h4 Kf5 40. Kc4
Nc7 41. Nxc5 Ne8 42. Kd4 Ng7 43. Nd7 Kg4 44. Ke5 Kxh4 45. Kf6 Nh5+ 46. Kg6 Nf4+
47. Kh6 Kg4 48. g6 Nxg6 49. Kxg6 Kf4 50. Kf6 e5 51. Nxe5 Ke4 1/2-1/2

[Event "AUTO-OPEN-2227"]
[Site "http://www.queenalice.com/game.php?id=885310"]
[Date "2011.1.12"]
[Round "1"]
[White "helenaeyng"]
[Black "brunalegal"]
[Result "0-1"]
[WhiteElo "1619"]
[BlackElo "1502"]

1. e4 c5 2. Nf3 e6 3. c4 Nc6 4. Nc3 Nge7 5. d3 g6 6. Bg5 Bg7 7. g3 O-O 8. Bg2 h6
9. Bxe7 Nxe7 10. O-O d5 11. cxd5 exd5 12. exd5 Nxd5 13. Nxd5 Qxd5 14. Nd2 Qxd3
15. Be4 Qd8 16. Nf3 Rb8 17. Rb1 Be6 18. b3 b6 19. b4 Bxa2 20. Rc1 cxb4 21. Rc2
b3 22. Rd2 Qc7 23. Re1 Rbd8 24. Re3 b2 25. Ne1 Rxd2 26. Qxd2 b1=Q 27. Bxb1 Bxb1
28. Ng2 Rc8 29. Re1 Bf5 30. Ne3 Bh3 31. f4 Bc3 32. Qe2 Bxe1 33. Qxe1 Qc5 0-1

[Event "Challenge"]
[Site "http://www.queenalice.com/game.php?id=893888"]
[Date "2011.1.31"]
[Round "-"]
[White "jjjcarvalho"]
[Black "helenaeyng"]
[Result "0-1"]
[WhiteElo "1653"]
[BlackElo "1648"]

1. e4 d5 2. exd5 Qxd5 3. Nc3 Qa5 4. Nf3 c6 5. d3 Nf6 6. Bd2 Bg4 7. h3 Bh5 8. Be2
e6 9. Ne4 Qd8 10. Nxf6+ Qxf6 11. Rb1 Nd7 12. Bc3 e5 0-1

[Event "Challenge"]
[Site "http://www.queenalice.com/game.php?id=896591"]
[Date "2011.2.6"]
[Round "-"]
[White "flaviovieira"]
[Black "helenaeyng"]
[Result "0-1"]
[WhiteElo "1812"]
[BlackElo "1664"]

1. e4 d5 2. e5 Nc6 3. d4 f6 4. Nf3 fxe5 5. dxe5 e6 6. Bb5 Ne7 7. Bg5 Bd7 8. Bxc6
Bxc6 9. O-O h6 10. Bxe7 Bxe7 11. Nc3 O-O 12. a4 Bg5 13. Nxg5 Qxg5 14. Qd4 Rf4
15. Qd2 d4 16. g3 dxc3 17. Qxf4 Qxf4 18. gxf4 cxb2 19. Ra2 Rf8 20. Rxb2 Rxf4 21.
a5 Rg4# 0-1